02932cam a2200337 a 45000010009000000050017000090080041000260100017000670150019000840200040001030200043001430820021001861000026002072450123002332600047003563000027004035040066004305050288004965201287007846500047020716500033021186510044021516510028021956530019022237000033022427000040022759420012023159990017023279520119023449520131024631544598720130321141217.0080910s2009 enk b 001 0 eng  a 2008039152 aGBA8C44052bnb a1843313111 (hardcover : alk. paper) a9781843313113 (hardcover : alk. paper)00a330.951222bHAF1 aHaffner, John.93293410aJapan's Open Future :ban Agenda for Global Citizenship /cJohn Haffner, Tomas Casas I Klett, and Jean-Pierre Lehmann. aLondon ;aNew York :bAnthem Press,c2009. axiii, 320 p. ;c24 cm. aIncludes bibliographical references (p. [275]-300) and index.0 aFacing history : getting past the nation-state -- Global communication : a matter of heart -- Escaping mercantilism : from free-rider to driver -- Embracing business risk : entrepreneurs and kaisha reborn -- Open politics : unleashing civil society -- Geopolitics : a global citizen. aFor many decades Japan enjoyed great success with its export oriented economy and the outsourcing of its foreign policy to the United States under the US security umbrella. Its role in the world was simple, and times were good. But times have changed. With the end of the Cold War, a shrinking domestic population, global instabilities after 9/11, the financial crisis, and other seismic shifts, Japan now faces a more complicated world. In this groundbreaking and provocative discussion, three foreigners who have lived and worked in Japan, a Canadian, a Frenchman and a Spaniard, argue that Japan has much to gain by pursuing a more engaged, outward-looking, multilateral posture in its region and globally. While the country will continue to enjoy good relations with the West, the time has come for Japan to embrace its Asian heritage and future, as well as its own potential contribution to world affairs. A globally engaged, more open Japan, the authors argue, is win win win: good for Japan, good for Asia, and good for the world. If Japan is truly to become a global citizen, however, it must not only reach out more to the world, it must also admit more of the world, new ideas, people, and capital from afar, on its own soil. But is Japan, are Japanese, prepared to do so? 0aNational characteristics, Japanese.932935 0aGlobalizationzJapan.932936 0aJapanxEconomic conditionsy1989-95153 0aJapanxCommerce.932937 bPolcMarch20131 aCasas i Klett, Tomas.9329381 aLehmann, Jean-Pierre,d1945-932939 2ddccBB c17390d17362 00102ddc40708BaccahaMAINbMAINc1STd2013-03-21epurchasel0o330.951 HAFp000028593r2025-07-15 00:00:00yBB 00102ddc40708BaccahaMAINbMAINc1STd2013-03-21epurchasel1o330.951 HAFp000028594r2025-07-15 00:00:00s2014-05-04yBB